[Event "Reykjavik op"]
[Site "Reykjavik"]
[Date "2024.03.17"]
[Round "4"]
[White "Frank, Anton"]
[Black "Pointier, Pierre"]
[Result "1-0"]
[WhiteElo "1996"]
[BlackElo "1698"]
[PlyCount "33"]
[EventDate "2024.03.15"]
[EventType "swiss"]
[EventRounds "9"]
[EventCountry "ISL"]
[SourceTitle "CB13_2024"]
[SourceDate "2024.03.27"]
[SourceVersion "1"]
[SourceVersionDate "2024.03.27"]
[SourceQuality "1"]

1. d4 d5 2. Nc3 Nf6 3. Bf4 a6 4. e3 Bf5 5. Nf3 e6 6. Ne5 c5 7. g4 Bg6 8. h4 h6 9. Nxg6 fxg6 10. Bd3 Nc6 11. Bxg6+ Kd7 12. dxc5 Bxc5 13. Qf3 Qe7 14. 0-0-0 Bd6 15. Bxd6 Qxd6 16. g5 Ne8 17. Nxd5 1-0

[Event "Stockholm Spangbergs Memorial"]
[Site "Stockholm"]
[Date "2024.02.17"]
[Round "2"]
[White "Karlsson, Lars"]
[Black "Frank, Anton"]
[Result "1-0"]
[WhiteElo "2419"]
[BlackElo "1913"]
[PlyCount "89"]
[EventDate "2024.02.17"]
[EventType "swiss"]
[EventRounds "7"]
[EventCountry "SWE"]
[SourceTitle "CB08_2024"]
[SourceDate "2024.02.21"]
[SourceVersion "1"]
[SourceVersionDate "2024.02.21"]
[SourceQuality "1"]

1. b3 Nf6 2. Bb2 d5 3. e3 g6 4. f4 Bg7 5. Nf3 0-0 6. Be2 Bg4 7. 0-0 Nbd7 8. d3 Bxf3 9. Bxf3 c6 10. Qe2 Qc7 11. d4 Nb6 12. a4 Nc8 13. c4 Nd6 14. Nc3 e6 15. Ba3 Rfe8 16. Bxd6 Qxd6 17. c5 Qe7 18. b4 Nd7 19. Rac1 a6 20. Qd2 g5 21. g3 f5 22. Rb1 gxf4 23. gxf4 Kh8 24. Kh1 Rg8 25. b5 axb5 26. axb5 Qf6 27. Ne2 Ra7 28. Ng3 Rga8 29. Nh5 Qf7 30. Rg1 Bf6 31. Qd3 Nf8 32. bxc6 bxc6 33. Rb6 Ra3 34. Qe2 Ra2 35. Rb2 Ra1 36. Rgb1 Ng6 37. Qd1 R1a3 38. Rb8+ Bd8 39. Qc1 Qc7 40. R8b7 Qc8 41. Ng7 Bc7 42. Ne8 Bxf4 43. Nf6 Nf8 44. Qg1 Bh6 45. Qg8# 1-0

[Event "Uppsala Young Champions 10th"]
[Site "Uppsala"]
[Date "2023.10.30"]
[Round "6"]
[White "Frank, Anton"]
[Black "Harish, Neeraj"]
[Result "0-1"]
[WhiteElo "1997"]
[BlackElo "2076"]
[PlyCount "146"]
[EventDate "2023.10.27"]
[EventType "swiss"]
[EventRounds "9"]
[EventCountry "SWE"]
[SourceTitle "Mega2024 Update 01"]
[Source "Chessbase"]
[SourceDate "2023.11.12"]
[SourceVersion "1"]
[SourceVersionDate "2023.11.12"]
[SourceQuality "1"]

1. d4 Nf6 2. c4 g6 3. h4 Bg7 4. Nc3 c5 5. d5 d6 6. e4 0-0 7. Be2 e6 8. h5 exd5 9. exd5 Nbd7 10. h6 Bh8 11. Bg5 Re8 12. Kf1 Qb6 13. b3 Ne4 14. Nxe4 Rxe4 15. Rc1 Ne5 16. Rh4 f5 17. Qc2 Rxh4 18. Bxh4 Bd7 19. Re1 Re8 20. Bd1 Qc7 21. Nh3 Qc8 22. Qd2 Nf7 23. Be7 Be5 24. Bh4 f4 25. Ng5 Nxh6 26. Ne4 Nf5 27. Bg5 Rf8 28. Bxf4 b5 29. Bxe5 dxe5 30. Qg5 Kg7 31. Ng3 bxc4 32. bxc4 Rf7 33. Rxe5 Qb8 34. Nxf5+ Bxf5 35. Qe3 Qb1 36. Ke1 Bc2 37. Qe2 Bxd1 38. Qxd1 Qb4+ 39. Qd2 Qxc4 40. d6 Rb7 41. Re7+ Rxe7+ 42. dxe7 Qe4+ 43. Kf1 Qxe7 44. Qc3+ Kg8 45. Qc4+ Kf8 46. Qc3 Ke8 47. Qc4 Qd6 48. Qg8+ Kd7 49. Qxh7+ Kc6 50. g3 Kb6 51. Qf7 Qd3+ 52. Kg1 c4 53. Qe6+ Ka5 54. Qc6 Kb4 55. Qb7+ Ka3 56. Qxa7+ Kb2 57. a4 c3 58. Qb6+ Ka1 59. Qf6 Qb1+ 60. Kh2 Qb2 61. Qxg6 c2 62. Qf5 c1Q 63. g4 Qcc2 64. Qxc2 Qxc2 65. Kg3 Qxa4 66. f4 Qd7 67. Kh4 Qh7+ 68. Kg5 Qg7+ 69. Kf5 Kb2 70. g5 Kc3 71. g6 Kd4 72. Kg5 Kd5 73. f5 Ke5 0-1

[Event "Uppsala Young Champions 10th"]
[Site "Uppsala"]
[Date "2023.10.28"]
[Round "3"]
[White "Ostensson, Julia"]
[Black "Frank, Anton"]
[Result "1/2-1/2"]
[WhiteElo "1878"]
[BlackElo "1997"]
[PlyCount "101"]
[EventDate "2023.10.27"]
[EventType "swiss"]
[EventRounds "9"]
[EventCountry "SWE"]
[SourceTitle "Mega2024 Update 01"]
[Source "Chessbase"]
[SourceDate "2023.11.12"]
[SourceVersion "1"]
[SourceVersionDate "2023.11.12"]
[SourceQuality "1"]

1. e4 e5 2. Nf3 Nc6 3. Nc3 Nf6 4. d4 exd4 5. Nxd4 Bb4 6. Nxc6 bxc6 7. Bd3 0-0 8. 0-0 d5 9. exd5 Bg4 10. Ne2 cxd5 11. h3 Bh5 12. c4 Re8 13. Qc2 Bg6 14. Bxg6 hxg6 15. Rd1 Qe7 16. Be3 Bd6 17. Nd4 Qe5 18. Nf3 Qh5 19. Bg5 dxc4 20. Rd4 Nh7 21. Rh4 Nxg5 22. Rxh5 Nxf3+ 23. gxf3 gxh5 24. Kf1 Rab8 25. Re1 Rxe1+ 26. Kxe1 g6 27. f4 c3 28. bxc3 Bxf4 29. Qa4 Be5 30. Qxa7 Bxc3+ 31. Ke2 Re8+ 32. Kf3 Be5 33. a4 Re6 34. a5 Kg7 35. a6 Bf6 36. Qb7 Bd4 37. a7 Rf6+ 38. Ke4 Bxa7 39. Qxa7 Rf5 40. f4 c5 41. h4 Kf8 42. Qc7 Kg8 43. Qd8+ Kg7 44. Qd6 Kg8 45. Kd3 Kg7 46. Kc4 Kg8 47. Kb5 Kg7 48. Qc7 Kg8 49. Kb6 Rd5 50. Kc6 Rf5 51. Kd6 1/2-1/2

[Event "Gothenburg Kvibergspelen"]
[Site "Gothenburg"]
[Date "2023.09.15"]
[Round "4"]
[White "Hansen, Sune Berg"]
[Black "Frank, Anton"]
[Result "1/2-1/2"]
[WhiteElo "2512"]
[BlackElo "2018"]
[PlyCount "119"]
[EventDate "2023.09.15"]
[EventType "swiss"]
[EventRounds "8"]
[EventCountry "SWE"]
[SourceTitle "EXT 2024"]
[Source "ChessBase"]
[SourceDate "2023.10.10"]
[SourceVersion "1"]
[SourceVersionDate "2023.10.10"]
[SourceQuality "1"]

1. Nf3 c5 2. c4 Nc6 3. d4 cxd4 4. Nxd4 Nf6 5. Nc3 e6 6. a3 Bc5 7. Nb3 Bb6 8. Bf4 e5 9. Bg3 d6 10. e3 Be6 11. Bh4 h6 12. Nd2 g5 13. Bg3 h5 14. h4 g4 15. Be2 Ne7 16. Bd3 Nf5 17. Bxf5 Bxf5 18. Qe2 Qe7 19. Rd1 Rc8 20. b3 Bc2 21. Rc1 Bf5 22. e4 Be6 23. f3 Bd4 24. Bf2 Bxf2+ 25. Qxf2 a6 26. a4 Nd7 27. Qe3 Nc5 28. a5 f5 29. exf5 Bxf5 30. 0-0 g3 31. Qg5 Qxg5 32. hxg5 Kf7 33. f4 e4 34. Rce1 Rhe8 35. Nd5 Re6 36. Re3 Rce8 37. Nc7 R8e7 38. Nxe6 Rxe6 39. Rc1 h4 40. Rcc3 Kg6 41. Kf1 Nd3 42. b4 Nxb4 43. c5 d5 44. Rb3 Nc2 45. Rec3 e3 46. Rxe3 Nxe3+ 47. Kg1 Nc4 48. Nf3 Bg4 49. Nxh4+ Kh5 50. Nf3 Bxf3 51. gxf3 Re7 52. Kg2 Kh4 53. g6 Re2+ 54. Kg1 Re7 55. Rd3 Nxa5 56. Rxd5 Re1+ 57. Kg2 Re2+ 58. Kg1 Re1+ 59. Kg2 Re2+ 60. Kg1 1/2-1/2

[Event "Gothenburg Kvibergspelen"]
[Site "Gothenburg"]
[Date "2023.09.15"]
[Round "2"]
[White "Thorn, Eric"]
[Black "Frank, Anton"]
[Result "1-0"]
[WhiteElo "2390"]
[BlackElo "2018"]
[PlyCount "69"]
[EventDate "2023.09.15"]
[EventType "swiss"]
[EventRounds "8"]
[EventCountry "SWE"]
[SourceTitle "EXT 2024"]
[Source "ChessBase"]
[SourceDate "2023.10.10"]
[SourceVersion "1"]
[SourceVersionDate "2023.10.10"]
[SourceQuality "1"]

1. d4 d5 2. c4 e6 3. Nc3 a6 4. cxd5 exd5 5. Qb3 c5 6. Nxd5 Be6 7. e4 Nc6 8. Nf3 Nge7 9. Bg5 Bxd5 10. exd5 Qxd5 11. Bc4 Qe4+ 12. Kf1 0-0-0 13. Re1 Qf5 14. Bxf7 Kb8 15. Be6 Qg6 16. d5 Nb4 17. d6 Rxd6 18. Bf4 Nc8 19. a3 Nd3 20. Bd5 b5 21. Be4 c4 22. Bxg6 cxb3 23. Bxd3 Ka7 24. Bxd6 Bxd6 25. Nd4 Kb6 26. Nxb3 Ne7 27. Re6 Kc7 28. Ke2 Nd5 29. g3 Rf8 30. Rd1 Nf6 31. Rc1+ Kd7 32. Bf5 Nd5 33. Rf6+ Ke7 34. Rxf8 Kxf8 35. Rd1 1-0

[Event "Reykjavik op"]
[Site "Reykjavik"]
[Date "2023.04.03"]
[Round "8"]
[White "Frank, Anton"]
[Black "Shundi, Matias"]
[Result "1/2-1/2"]
[WhiteElo "1857"]
[BlackElo "2145"]
[PlyCount "94"]
[EventDate "2023.03.29"]
[EventType "swiss"]
[EventRounds "9"]
[EventCountry "ISL"]
[SourceTitle "EXT 2024"]
[Source "ChessBase"]
[SourceDate "2023.10.10"]
[SourceVersion "1"]
[SourceVersionDate "2023.10.10"]
[SourceQuality "1"]

1. c4 g6 2. d4 Nf6 3. h4 Bg7 4. Nc3 Nc6 5. e4 d6 6. d5 Ne5 7. Be2 c6 8. Nf3 Nxf3+ 9. Bxf3 Bd7 10. Be3 h5 11. 0-0 0-0 12. Bd4 c5 13. Be3 Bg4 14. Bg5 Bxf3 15. Qxf3 Ng4 16. Qe2 Qd7 17. f3 Ne5 18. Rfd1 Kh7 19. Rac1 Rae8 20. b3 a6 21. a4 Rb8 22. Qe3 Rfc8 23. Kh2 Rc7 24. Rc2 Qc8 25. Qc1 Qh8 26. Kg1 b6 27. Qd2 Kg8 28. Rdc1 Kf8 29. Ra2 Nd7 30. Kf2 Rcb7 31. Ke2 Bf6 32. Bxf6 Qxf6 33. g3 Ne5 34. Qe3 Kg7 35. Rac2 Nd7 36. Kf2 Qd4 37. Rd2 Qxe3+ 38. Kxe3 Nf6 39. Re1 Re8 40. Kf2 Nd7 41. f4 f6 42. Kf3 Rbb8 43. Rg2 Rh8 44. Reg1 Kf7 45. Rh2 Rh6 46. Rgh1 Rh7 47. Ke3 Rhh8 1/2-1/2

[Event "Reykjavik op"]
[Site "Reykjavik"]
[Date "2023.03.31"]
[Round "4"]
[White "Frank, Anton"]
[Black "Domalchuk Jonasson, Aleksandr"]
[Result "1/2-1/2"]
[WhiteElo "1857"]
[BlackElo "2318"]
[PlyCount "144"]
[EventDate "2023.03.29"]
[EventType "swiss"]
[EventRounds "9"]
[EventCountry "ISL"]
[SourceTitle "CBM 213 Extra"]
[Source "ChessBase"]
[SourceDate "2023.05.31"]
[SourceVersion "1"]
[SourceVersionDate "2023.05.31"]
[SourceQuality "1"]

1. c4 e6 2. e4 d5 3. cxd5 exd5 4. exd5 Nf6 5. Bb5+ Nbd7 6. Nc3 Be7 7. d4 0-0 8. Nf3 Nb6 9. h3 Nbxd5 10. 0-0 Bf5 11. Re1 c6 12. Bd3 Bxd3 13. Qxd3 h6 14. Ne5 Qd6 15. Qf3 Rad8 16. a3 Rfe8 17. Bd2 Bf8 18. Rad1 Qc7 19. Ng4 Nxg4 20. hxg4 Rxe1+ 21. Rxe1 Nb6 22. Ne2 Be7 23. Qe4 Bf6 24. Qf5 Nc4 25. Bc3 Nd6 26. Qc2 Qd7 27. d5 cxd5 28. Bxf6 gxf6 29. Qd2 Ne4 30. Qxh6 Qxg4 31. Nf4 Qg5 32. Qxg5+ fxg5 33. Nxd5 Rxd5 34. Rxe4 Rd1+ 35. Kh2 Rd2 36. Rb4 b6 37. Kg3 Kg7 38. Rb5 Kg6 39. a4 f5 40. a5 bxa5 41. Rxa5 Rd7 42. f3 Rb7 43. Kh3 Kf6 44. Kg3 Kg6 45. Kh3 Rh7+ 46. Kg3 f4+ 47. Kf2 Rb7 48. Kg1 Kh5 49. Ra6 g4 50. fxg4+ Kh4 51. Rh6+ Kxg4 52. Rg6+ Kf5 53. Ra6 Ke4 54. Ra3 Ke5 55. Ra5+ Kd4 56. Ra3 Ke4 57. Kf1 Kd5 58. Kf2 Ke4 59. Ra4+ Kf5 60. Kf1 Kg4 61. Ra3 Rc7 62. b4 Kf5 63. Kf2 Ke4 64. b5 Ke5 65. Ra5 Ke4 66. Ra3 Re7 67. Ra4+ Kf5 68. Ra5 Kg4 69. Ra6 Rc7 70. Rg6+ Kf5 71. Ra6 Rc5 72. Rxa7 Rxb5 1/2-1/2

[Event "Uppsala Young Champions 9th"]
[Site "Uppsala"]
[Date "2022.10.29"]
[Round "2"]
[White "Frank, Anton"]
[Black "Grahn, Vidar"]
[Result "1/2-1/2"]
[WhiteElo "1734"]
[BlackElo "2067"]
[PlyCount "176"]
[EventDate "2022.10.28"]
[EventType "swiss"]
[EventRounds "9"]
[EventCountry "SWE"]
[SourceTitle "EXT 2024"]
[Source "ChessBase"]
[SourceDate "2023.10.10"]
[SourceVersion "1"]
[SourceVersionDate "2023.10.10"]
[SourceQuality "1"]

1. c4 c5 2. g3 Nc6 3. Nc3 g6 4. Bg2 Bg7 5. Nf3 e5 6. 0-0 d6 7. a3 a5 8. Ne1 Be6 9. d3 Nge7 10. Nc2 d5 11. cxd5 Nxd5 12. Ne3 Nb6 13. Bxc6+ bxc6 14. Ne4 c4 15. dxc4 0-0 16. b3 a4 17. Qxd8 Rfxd8 18. c5 Nc8 19. bxa4 Rxa4 20. Nc3 Ra5 21. Ne4 h6 22. Bd2 Ra6 23. Bb4 f5 24. Nc3 Ne7 25. Rad1 Rda8 26. Rd6 Kf7 27. f3 f4 28. Ng2 Nf5 29. Rd2 fxg3 30. hxg3 Nxg3 31. Rfd1 h5 32. Kf2 Nf5 33. Ne4 Bh6 34. Nd6+ Nxd6 35. Rxd6 Bf8 36. R6d3 Be7 37. Ne3 Rh8 38. Rh1 Raa8 39. Nd1 g5 40. Re3 Bf6 41. Nc3 e4 42. Nxe4 Bd4 43. Nxg5+ Ke7 44. Nxe6 Bxe3+ 45. Kxe3 Kxe6 46. f4 h4 47. Rh3 Kf5 48. Kf3 Rae8 49. e3 Re4 50. Bc3 Rh7 51. Bd4 Re8 52. Be5 Ra8 53. e4+ Ke6 54. Kg4 Ra4 55. Rxh4 Rxh4+ 56. Kxh4 Rxe4 57. Kg5 Re3 58. Bd6 Rg3+ 59. Kh4 Rxa3 60. Kg4 Ra1 61. Kf3 Kf5 62. Ke3 Ra3+ 63. Kd4 Ra4+ 64. Kc3 Ke4 65. Kb3 Ra7 66. Kc4 Ra1 67. Kc3 Kd5 68. Kb3 Rf1 69. Kc3 Rf3+ 70. Kb4 Re3 71. Ka4 Kc4 72. Ka5 Ra3+ 73. Kb6 Kd5 74. Kb7 Rb3+ 75. Kc7 Rb1 76. Be7 Rf1 77. Bd6 Rh1 78. Kb7 Rh7+ 79. Kb6 Rf7 80. Ka6 Rf6 81. Kb6 Re6 82. Be5 Re7 83. Bd6 Rd7 84. Ka6 Rxd6 85. cxd6 Kxd6 86. f5 c5 87. Kb5 Ke5 88. Kxc5 Kxf5 1/2-1/2

[Event "Uppsala Young Champions 8th"]
[Site "Uppsala"]
[Date "2021.11.03"]
[Round "9"]
[White "Frank, Anton"]
[Black "Muntean, Victor"]
[Result "0-1"]
[WhiteElo "1525"]
[BlackElo "1864"]
[PlyCount "68"]
[EventDate "2021.10.29"]
[EventType "swiss"]
[EventRounds "9"]
[EventCountry "SWE"]
[SourceTitle "CBM 205 Extra"]
[Source "ChessBase"]
[SourceDate "2022.01.31"]
[SourceVersion "1"]
[SourceVersionDate "2022.01.31"]
[SourceQuality "1"]

1. d4 Nf6 2. Bf4 g6 3. Nc3 Bg7 4. e4 d6 5. Qd2 h5 6. 0-0-0 Nc6 7. Kb1 Bd7 8. Nf3 0-0 9. h3 Re8 10. e5 Nh7 11. e6 fxe6 12. Bd3 e5 13. dxe5 dxe5 14. Bxg6 exf4 15. Qxd7 Qxd7 16. Rxd7 Rec8 17. Nd5 Nf8 18. Bf5 e6 19. Nxc7 exf5 20. Rxg7+ Kxg7 21. Nxa8 Rxa8 22. Re1 Rd8 23. a3 Kf6 24. h4 Ng6 25. b4 Nce5 26. Nxe5 Nxe5 27. Re2 f3 28. gxf3 Nxf3 29. Re3 Nxh4 30. Rh3 Rd4 31. Rc3 Ng2 32. Rc7 h4 33. Rxb7 h3 34. Rh7 Nh4 0-1